[Event "Washington Open--Open Section"]
[Site "Lynnwood, WA"]
[Date "2017.05.29"]
[Round "5"]
[White "Breckenridge  (OR), Steven"]
[Black "Rozenfeld  (WA), Yevgeniy"]
[Result "1-0"]
[WhiteElo "2337"]
[BlackElo "1964"]
[PlyCount "75"]
[EventDate "2017.06.02"]
[SourceDate "2017.07.09"]
[SourceVersionDate "2017.07.09"]

1. e4 c5 2. c3 Nf6 3. e5 Nd5 4. d4 cxd4 5. Nf3 e6 6. Bc4 Nc6 7. cxd4 d6 8. O-O
Be7 9. Qe2 O-O 10. Nc3 Nxc3 11. bxc3 dxe5 12. dxe5 Qa5 13. Bd3 Rd8 14. Bd2 g6
15. h4 b6 16. Rfb1 Qd5 17. Be4 Qd7 18. Bh6 Bb7 19. Qe3 Qc7 20. h5 Rd7 21. Re1
Rad8 22. Qf4 Re8 23. Ng5 Bd8 24. Bc2 Nd4 25. Ba4 b5 26. cxd4 Rd5 27. Bb3 Rd7
28. Ne4 Bxe4 29. Rxe4 a5 30. Rc1 Qb7 31. g4 b4 32. Re3 Qb6 33. Rd1 Qa7 34. d5
exd5 35. e6 fxe6 36. Rxe6 Rde7 37. Rxd5 Rxe6 38. Rxd8 1-0

[Event "Washington Open--Open Section"]
[Site "Lynnwood, WA"]
[Date "2017.05.29"]
[Round "5"]
[White "Zavortink  (OR), Matt"]
[Black "Mukumbya  (WA), Benjamin"]
[Result "0-1"]
[WhiteElo "2229"]
[BlackElo "1958"]
[PlyCount "62"]
[EventDate "2017.06.02"]
[SourceDate "2017.07.11"]
[SourceVersionDate "2017.07.11"]

1. d4 Nf6 2. Bf4 e6 3. e3 b6 4. Nf3 Be7 5. h3 c5 6. c3 Bb7 7. Nbd2 O-O 8. Bd3
d5 9. O-O Nbd7 10. Qe2 Re8 11. Bh2 Qc8 12. Ne5 Nxe5 13. Bxe5 Nd7 14. Bg3 a6 15.
a4 Qc6 16. f4 Nf6 17. f5 exf5 18. Bxf5 g6 19. Bd3 Nh5 20. Bh2 Bg5 21. Be5 f6
22. Nf3 Bh6 23. Rf2 fxe5 24. Nxe5 Qe6 25. Kh2 Bg7 26. Nf3 Qxe3 27. Qc2 c4 28.
Bf1 Bh6 29. Rd1 Qf4+ 30. Kg1 Qe4 31. Re2 Be3+ 0-1

[Event "Washington Open--Reserve Section"]
[Site "Lynnwood, WA"]
[Date "2017.05.29"]
[Round "5"]
[White "Lumala  (WA), Tendo"]
[Black "Mayer  (WA), Jacob"]
[Result "0-1"]
[WhiteElo "1538"]
[BlackElo "1751"]
[PlyCount "72"]
[EventDate "2017.06.02"]
[SourceDate "2017.07.11"]
[SourceVersionDate "2017.07.11"]

1. e4 c5 2. Nf3 e6 3. d4 cxd4 4. Nxd4 a6 5. Nc3 Qc7 6. Be3 Nf6 7. Bd3 b5 8. f4
Bb7 9. e5 Bxg2 10. Rg1 Nd5 11. Rxg2 Nxe3 12. Qe2 Nxg2+ 13. Qxg2 Nc6 14. Nxc6
dxc6 15. Be4 Rc8 16. O-O-O g6 17. Ne2 Bc5 18. Rd3 Qb6 19. Qg5 Qa5 20. c3 Be7
21. Qg2 O-O 22. f5 exf5 23. Bxf5 Rcd8 24. Nd4 Qc7 25. Nxc6 Rxd3 26. Bxd3 Bg5+
27. Kc2 Bf4 28. Qe4 Bxh2 29. e6 Re8 30. exf7+ Qxf7 31. Qh4 Bf4 32. Nd4 Be5 33.
a4 bxa4 34. Bxa6 Bxd4 35. Qxd4 Qb3+ 36. Kc1 Re1+ 0-1

[Event "Washington Open--Open Section"]
[Site "Lynnwood, WA"]
[Date "2017.05.29"]
[Round "5"]
[White "Pupols  (WA), Viktors"]
[Black "Sinanan  (WA), Joshua"]
[Result "1/2-1/2"]
[WhiteElo "2200"]
[BlackElo "2261"]
[PlyCount "94"]
[EventDate "2017.06.02"]
[SourceDate "2017.07.11"]
[SourceVersionDate "2017.07.11"]

1. c4 e5 2. Nc3 Nf6 3. Nf3 Nc6 4. e4 d6 5. d3 g6 6. Be2 Bg7 7. O-O O-O 8. Rb1
a5 9. a3 h6 10. b4 axb4 11. axb4 Ne7 12. Nd5 Nfxd5 13. cxd5 c6 14. dxc6 bxc6
15. Ne1 Be6 16. Bb2 Qb6 17. Bc3 f5 18. Nc2 fxe4 19. dxe4 d5 20. b5 d4 21. bxc6
Qxc6 22. Bb4 Rf7 23. Ne1 Ra2 24. Bd3 Nc8 25. Nf3 Nb6 26. Rc1 Qd7 27. Ra1 Kh7
28. Rxa2 Bxa2 29. Qc2 Be6 30. Rc1 Bg4 31. Nd2 Qe8 32. Qc6 Qxc6 33. Rxc6 Rf6 34.
Rxf6 Bxf6 35. Nc4 Nxc4 36. Bxc4 Bd1 37. Bd3 Kg7 38. Kf1 Bb3 39. Ke2 Kf7 40. g3
g5 41. f3 Be7 42. Bd2 Bd6 43. Ba6 Kf6 44. g4 Ke6 45. Bc8+ Ke7 46. Ba6 Kd7 47.
Bb5+ Ke6 1/2-1/2

[Event "Washington Open--Open Section"]
[Site "Lynnwood, WA"]
[Date "2017.05.29"]
[Round "5"]
[White "Deng  (WA), Samuel"]
[Black "Casey  (WA), Garrett"]
[Result "1/2-1/2"]
[WhiteElo "1909"]
[BlackElo "1856"]
[Annotator "Murlin"]
[PlyCount "91"]
[EventDate "2017.06.02"]
[SourceDate "2017.07.11"]
[SourceVersionDate "2017.07.11"]

1. d4 Nf6 2. c4 g6 3. Nc3 Bg7 4. Nf3 O-O 5. Bg5 d6 6. e3 c5 7. d5 Qa5 8. Nd2
Re8 9. Be2 a6 10. a4 Nbd7 11. O-O Qb6 12. Qc2 Ne5 13. h3 e6 14. a5 Qc7 15. f4
Ned7 16. e4 exd5 17. cxd5 b5 18. axb6 Nxb6 19. Bc4 Nxc4 20. Nxc4 Nd7 21. e5
dxe5 22. f5 Nb6 23. fxg6 hxg6 24. Nxb6 Qxb6 25. Qf2 f5 26. Na4 Qd6 27. Nxc5
Qxd5 28. Rfd1 Qc6 29. Ra4 Qb6 30. Be3 f4 31. Bd2 Bf5 32. Qe2 {Something must
be wrong here. The knight seems to be hanging with check. The rook couldn't be
on a5, or it would have been hanging a move earlier. The other rook can't be
on c1 because it later moves to d4. And the queen has to move to e2, since it
later moves to c4 with check.. Can't figure out how to fix this.} Bf8 33. b4 a5
34. Kh2 axb4 35. Qc4+ Be6 36. Qxb4 Qxb4 37. Bxb4 Rab8 38. Nxe6 Rxe6 39. Bxf8
Rxf8 40. Kg1 Kg7 41. Rc4 e4 42. Kf1 Kf6 43. Rdd4 Rfe8 44. Ke2 Kg5 45. Rd5+ Re5
46. Rxe4 {All moves are entered as recorded. Perhaps 32....Bf8 was just a
blunder.} 1/2-1/2

[Event "Washington Open--Open Section"]
[Site "Lynnwood, WA"]
[Date "2017.05.29"]
[Round "5"]
[White "Truelson  (WA), Joseph"]
[Black "Bishop  (WA), Alan"]
[Result "0-1"]
[WhiteElo "1959"]
[BlackElo "2038"]
[PlyCount "96"]
[EventDate "2017.06.02"]
[SourceDate "2017.07.11"]
[SourceVersionDate "2017.07.11"]

1. d4 d6 2. e4 g6 3. Nc3 Bg7 4. Be3 Nd7 5. f3 c5 6. Nge2 b6 7. Qd2 Ba6 8. Ng3
Bxf1 9. Rxf1 Ngf6 10. d5 Ne5 11. Qe2 O-O 12. f4 Ned7 13. Nh1 b5 14. Bd2 b4 15.
Nd1 Re8 16. g4 e6 17. dxe6 Rxe6 18. Ng3 Nxe4 19. Nxe4 d5 20. Kf2 Qh4+ 21. Kg2
Rxe4 22. Qf3 Rae8 23. Nf2 Bxb2 24. Rae1 Rxe1 25. Rxe1 Rxe1 26. Bxe1 Qe7 27. Nd3
Bd4 28. Bg3 Qe6 29. f5 Qe4 30. fxg6 Qxf3+ 31. Kxf3 hxg6 32. Bd6 f6 33. Kf4 Kf7
34. h4 Ke6 35. Bc7 Ne5 36. Bxe5 fxe5+ 37. Kg5 Kf7 38. Kh6 e4 39. Ne1 Be3+ 40.
Kh7 Bf2 41. Ng2 e3 42. g5 e2 43. h5 Bd4 44. hxg6+ Kf8 45. Ne1 c4 46. Nf3 Bg7
47. Ne1 d4 48. Nf3 d3 0-1

[Event "Washington Open--Reserve Section"]
[Site "Lynnwood, WA"]
[Date "2017.05.29"]
[Round "5"]
[White "Johnson  (WA), Cleve"]
[Black "Tu  (WA), Robin"]
[Result "0-1"]
[WhiteElo "1537"]
[BlackElo "1646"]
[PlyCount "82"]
[EventDate "2017.06.02"]
[SourceDate "2017.07.11"]
[SourceVersionDate "2017.07.11"]

1. e4 d6 2. d4 Nf6 3. Nc3 g6 4. Bc4 Bg7 5. Nf3 O-O 6. O-O c6 7. Re1 Nxe4 8.
Nxe4 d5 9. Bb3 dxe4 10. Rxe4 Bf5 11. Re1 e6 12. Be3 Nd7 13. Qd2 Bg4 14. Bh6
Bxf3 15. Bxg7 Kxg7 16. gxf3 Nf6 17. c4 c5 18. Rad1 Qc7 19. d5 Rad8 20. Qc3 Rfe8
21. Kg2 exd5 22. Rxe8 Rxe8 23. cxd5 Qd6 24. Bc4 Re5 25. Qd2 Rh5 26. h3 Qd7 27.
Rh1 Nxd5 28. Bxd5 Qxd5 29. Qxd5 Rxd5 30. a4 Rd2 31. Rb1 Kf6 32. b3 Ke5 33. Rc1
Kd4 34. Rc4+ Kd5 35. Kf1 Rd3 36. Ke2 Rxb3 37. Re4 Rb4 38. Kd3 Rxe4 39. fxe4+
Ke5 40. Ke3 g5 41. f3 c4 0-1

[Event "Washington Open--Open Section"]
[Site "Lynnwood, WA"]
[Date "2017.05.29"]
[Round "5"]
[White "Bragg  (WA), David"]
[Black "Madsen  (DEN), Jens"]
[Result "1-0"]
[WhiteElo "2200"]
[BlackElo "2054"]
[Annotator "Murlin"]
[PlyCount "119"]
[EventDate "2017.06.02"]
[SourceDate "2017.07.12"]
[SourceVersionDate "2017.07.12"]

1. d4 d6 2. e4 g6 3. Nc3 Bg7 4. Be2 Nd7 5. f4 e5 6. Nf3 exd4 7. Nxd4 Ngf6 8.
Bf3 O-O 9. O-O a6 10. a4 Re8 11. Nb3 Rb8 12. Be3 Qe7 13. g4 h6 14. Ba7 Ra8 15.
Bf2 Nf8 16. Re1 Qd7 17. h3 Kh8 18. Bg2 Ne6 19. Qd2 Rb8 20. Ba7 Ra8 21. Be3 Nf8
22. Rad1 Rb8 23. Qf2 Qe7 24. e5 dxe5 25. fxe5 N6d7 26. Nd5 Qd8 27. Qxf7 Nxe5
28. Qxc7 Bd7 29. Qxd8 Rexd8 30. Bb6 Rdc8 31. Bc7 Rxc7 32. Nxc7 Rc8 33. Nd5 Rxc2
34. Rd2 Rc4 35. Ne3 Rxa4 36. Nc5 Rb4 37. Nd5 Rb5 38. b4 Bc6 39. Rxe5 Bxe5 40.
Bf1 Bc3 41. Nxc3 Rxb4 42. Rd6 a5 43. Rd8 Kg7 44. Ra8 Nh7 45. Rxa5 h5 46. gxh5
gxh5 47. Ne6+ Kh6 48. Nd5 Rb2 49. Ndf4 Be8 50. Bd3 h4 51. Ra8 Nf6 52. Kf1 Rb4
53. Ke2 Rb6 54. Kd2 Rd6 55. Kc2 Rc6+ 56. Kb2 Rb6+ 57. Ka3 Rd6 58. Kb3 Rb6+ 59.
Kc2 Rc6+ 60. Kd2 {time} 1-0

[Event "Washington Open--Reserve Section"]
[Site "Lynnwood, WA"]
[Date "2017.05.29"]
[Round "5"]
[White "Liu  (WA), Nathan"]
[Black "Feldman  (OR), Neena"]
[Result "1-0"]
[WhiteElo "1472"]
[BlackElo "1242"]
[PlyCount "120"]
[EventDate "2017.06.02"]
[SourceDate "2017.07.12"]
[SourceVersionDate "2017.07.12"]

1. d4 c6 2. c4 d5 3. Nc3 Nf6 4. Nf3 Bg4 5. e3 e6 6. h3 Bh5 7. Be2 Bd6 8. O-O
Nbd7 9. b3 O-O 10. Qc2 Re8 11. Rd1 e5 12. dxe5 Nxe5 13. Nxe5 Bxe2 14. Qxe2 Bxe5
15. Bb2 Qc7 16. cxd5 cxd5 17. Nxd5 Nxd5 18. Rxd5 Bxb2 19. Qxb2 Rac8 20. Rd4 Qe5
21. Rad1 h6 22. Qa3 a6 23. Qd6 Qxd6 24. Rxd6 Rc2 25. R1d2 Rc1+ 26. Kh2 Rec8 27.
Rd8+ Kh7 28. Rxc8 Rxc8 29. Rd7 Rc2 30. Kg3 Kg6 31. a4 b5 32. Rd6+ f6 33. Rxa6
bxa4 34. bxa4 Ra2 35. h4 Kf5 36. Kf3 g5 37. g4+ Ke5 38. h5 Ra3 39. Ra8 Ke6 40.
a5 Kd7 41. Ra6 Ke7 42. Ra7+ Ke8 43. Rh7 Rxa5 44. Rxh6 Ra6 45. Rh8+ Kf7 46. Rb8
Ra7 47. Kg3 Kg7 48. f4 gxf4+ 49. Kxf4 Re7 50. e4 Re5 51. Rb7+ Kf8 52. Rd7 Ke8
53. Rd5 Re7 54. e5 fxe5+ 55. Rxe5 Rxe5 56. Kxe5 Kf7 57. g5 Kg7 58. g6 Kh6 59.
Kf6 Kxh5 60. Kf7 Kh6 1-0

[Event "Washington Open--Reserve Section"]
[Site "Lynnwood, WA"]
[Date "2017.05.29"]
[Round "5"]
[White "Sunku  (WA), Charith"]
[Black "Merrikin  (WA), David"]
[Result "0-1"]
[WhiteElo "1263"]
[BlackElo "1468"]
[PlyCount "120"]
[EventDate "2017.06.02"]
[SourceDate "2017.07.12"]
[SourceVersionDate "2017.07.12"]

1. e4 c6 2. d4 d5 3. e5 Bf5 4. Nf3 Bg4 5. Be2 e6 6. O-O Ne7 7. b3 Nd7 8. Bb2
Bxf3 9. Bxf3 Rc8 10. Re1 Nf5 11. Nd2 c5 12. c3 cxd4 13. cxd4 Bb4 14. Rc1 O-O
15. a3 Be7 16. b4 Nb6 17. Be2 Qd7 18. Qb3 Bg5 19. Rxc8 Rxc8 20. Nf3 Be7 21. Rc1
Nh4 22. Rxc8+ Qxc8 23. Nxh4 Bxh4 24. a4 Bg5 25. a5 Nc4 26. Qc2 Be7 27. Bc3 b5
28. Qb3 a6 29. Be1 Qc6 30. Bxc4 Qxc4 31. Qxc4 dxc4 32. Bd2 Kf8 33. Kf1 Ke8 34.
Ke2 Kd7 35. Bc3 Kc6 36. f4 Kd5 37. Ke3 h5 38. g3 g5 39. Kf3 g4+ 40. Ke3 Bf8 41.
Kf2 Ke4 42. Ke2 Be7 43. Bd2 Bd8 44. Be3 c3 45. Bg1 Be7 46. d5 Kxd5 47. Kd3 Bxb4
48. Bb6 Bc5 49. f5 Bxb6 50. axb6 Kc6 51. fxe6 fxe6 52. Kxc3 Kxb6 53. Kd3 Kc5
54. Ke3 a5 55. Kf4 Kd4 56. Kg5 Kxe5 57. Kxh5 Kf5 58. Kh6 a4 59. h4 gxh3 60. g4+
Kxg4 0-1

[Event "Washington Open--Open Section"]
[Site "Lynnwood, WA"]
[Date "2017.05.29"]
[Round "5"]
[White "Xuan  (WA), Owen"]
[Black "Dixon  (WA), Dakota"]
[Result "0-1"]
[WhiteElo "1928"]
[BlackElo "2176"]
[PlyCount "120"]
[EventDate "2017.06.02"]
[SourceDate "2017.07.12"]
[SourceVersionDate "2017.07.12"]

1. e4 c5 2. Nf3 Nc6 3. d4 cxd4 4. Nxd4 Nf6 5. Nc3 d6 6. f3 e5 7. Nb3 Be7 8. Be2
Be6 9. Bg5 h6 10. Bxf6 Bxf6 11. O-O O-O 12. Kh1 a5 13. a4 Nb4 14. Nb5 Bxb3 15.
cxb3 d5 16. exd5 Nxd5 17. Re1 Nb4 18. Bc4 Qxd1 19. Raxd1 Nc2 20. Re2 Rad8 21.
Red2 Nd4 22. Nc3 Bg5 23. Rd3 Nc2 24. Ne4 Nd4 25. h3 Be7 26. f4 Nc6 27. Rxd8
Rxd8 28. Rxd8+ Bxd8 29. Nd6 exf4 30. Nxb7 Kf8 31. Nxd8 Nxd8 32. Kg1 Ke7 33. Kf2
Kf6 34. Kf3 Ke5 35. Bd3 f6 36. Bc4 Nc6 37. g3 Nd4+ 38. Kf2 g5 39. gxf4+ Kxf4
40. Bd5 h5 41. Bf7 g4 42. hxg4 hxg4 43. Bd5 g3+ 44. Kg2 Nf5 45. Be6 Ne3+ 46.
Kg1 Ke4 47. Bf7 Kd3 48. Bg6+ Kd2 49. Bh7 Kc1 50. Bg8 Kxb2 51. Bf7 Kc3 52. Be6
Kd4 53. Bf7 Ke4 54. Bg6+ Kd4 55. Bf7 Kc3 56. Bg8 Nc2 57. Kg2 Nd4 58. Kxg3 Nxb3
59. Kf2 Nc5 60. Ke2 Nxa4 0-1

[Event "Washington Open--Booster Section"]
[Site "Lynnwood, WA"]
[Date "2017.05.29"]
[Round "5"]
[White "Huang  (WA), Emily"]
[Black "Fobian  (WA), Christian"]
[Result "1-0"]
[WhiteElo "483"]
[BlackElo "467"]
[PlyCount "79"]
[EventDate "2017.06.02"]
[SourceDate "2017.07.13"]
[SourceVersionDate "2017.07.13"]

1. e4 e6 2. d4 d5 3. exd5 exd5 4. Bd3 Nf6 5. Nf3 c5 6. c3 c4 7. Bc2 Bd7 8. O-O
Bd6 9. h3 O-O 10. b3 b5 11. a4 cxb3 12. Bxb3 Qa5 13. Bd2 Ne4 14. Re1 b4 15.
cxb4 Qc7 16. Bxd5 Nxd2 17. Bxa8 Bc6 18. Bxc6 Nxc6 19. Nbxd2 Bxb4 20. Rc1 Qd6
21. Ne4 Qg6 22. Re3 f5 23. Nc5 f4 24. Re2 Rf5 25. Ne4 Ba5 26. Rb2 Rh5 27. Ne1
Rxh3 28. d5 Ne5 29. d6 Qxe4 30. d7 Nd3 31. gxh3 Qg6+ 32. Ng2 h6 33. Qf3 Nxb2
34. Qd5+ Kh7 35. Qxa5 f3 36. Kf1 Qxg2+ 37. Ke1 Nd3+ 38. Kd2 Nxc1 39. Qf5+ Kg8
40. d8=Q# 1-0

[Event "Washington Open--Booster Section"]
[Site "Lynnwood, WA"]
[Date "2017.05.29"]
[Round "5"]
[White "Karis  (WA), Dirk"]
[Black "Karukayil  (WA), Johan"]
[Result "0-1"]
[WhiteElo "981"]
[BlackElo "1067"]
[PlyCount "90"]
[EventDate "2017.06.02"]
[SourceDate "2017.07.13"]
[SourceVersionDate "2017.07.13"]

1. e4 e5 2. Nf3 Nc6 3. Bb5 Bc5 4. O-O d6 5. Nc3 Nf6 6. d4 exd4 7. Nxd4 Bxd4 8.
Bxc6+ bxc6 9. Qxd4 O-O 10. Bg5 h6 11. Bxf6 Qxf6 12. Qxf6 gxf6 13. Rfe1 Re8 14.
Re3 f5 15. Rae1 Kf8 16. f4 fxe4 17. Rxe4 Rxe4 18. Rxe4 Bf5 19. Re2 Re8 20. Rd2
Re1+ 21. Kf2 Rc1 22. Ne2 Rxc2 23. Rxc2 Bxc2 24. Ke3 Ke7 25. Nd4 Ba4 26. b3 Bb5
27. a4 Bf1 28. Kf2 c5 29. Nc6+ Kd7 30. Nb8+ Kc8 31. Nc6 Kb7 32. Nd8+ Kc8 33.
Nxf7 c4 34. bxc4 Bxc4 35. Nxh6 c5 36. a5 Bb5 37. f5 Kd7 38. g4 c4 39. Ke1 c3
40. Kd1 Ba4+ 41. Kc1 d5 42. f6 d4 43. Nf5 d3 44. Ne3 d2+ 45. Kb1 c2+ 0-1

[Event "Washington Open--Open Section"]
[Site "Lynnwood, WA"]
[Date "2017.05.29"]
[Round "5"]
[White "Mathews  (WA), Dan"]
[Black "Huang  (CAN), Patrick"]
[Result "0-1"]
[WhiteElo "1828"]
[BlackElo "2030"]
[Annotator "Murlin"]
[PlyCount "88"]
[EventDate "2017.06.02"]
[SourceDate "2017.07.14"]
[SourceVersionDate "2017.07.14"]

1. e4 c5 2. Nf3 d6 3. d4 cxd4 4. Nxd4 Nf6 5. Nc3 a6 6. a4 e5 7. Nb3 Be7 8. Be2
Be6 9. Be3 Nbd7 10. f3 Z0 {I have no idea what Black's move #10 was, but it
wasn't the Nc6 that appears to be written on the scoresheet. It also has no
effect on the rest of the game as written. With all the other moves taken into
account, only Black's h-pawn never moves, but 10. ... h6 or h5 doesn't work
with later moves. I am at a loss...} 11. Nd5 Bxd5 12. exd5 Nb6 13. Bxb6 Qxb6
14. Qd2 Nd7 15. a5 Qa7 16. Bd3 Nc5 17. Nxc5 Qxc5 18. c4 O-O 19. b4 Qd4 20. Ke2
f5 21. Qe3 Qh4 22. g3 Qh5 23. Kf2 Bg5 24. f4 exf4 25. Qe6+ Kh8 26. Be2 Qe8 27.
Qxe8 Rfxe8 28. Ra2 fxg3+ 29. hxg3 g6 30. b5 Be3+ 31. Kg2 Bc5 32. bxa6 bxa6 33.
Rb2 Rab8 34. Ra2 Kg7 35. g4 fxg4 36. Bxg4 Rb4 37. Be6 Rxc4 38. Rb2 Rb4 39. Rc2
Reb8 40. Rhc1 Ra4 41. Rxc5 dxc5 42. Rxc5 Ra2+ 43. Kf3 Kf6 44. Rc3 Rxa5 0-1

[Event "Washington Open--Reserve Section"]
[Site "Lynnwood, WA"]
[Date "2017.05.29"]
[Round "5"]
[White "Menkov  (WA), Artjom"]
[Black "Anthony  (WA), Ralph"]
[Result "1-0"]
[WhiteElo "1613"]
[BlackElo "1723"]
[PlyCount "89"]
[EventDate "2017.06.02"]
[SourceDate "2017.07.14"]
[SourceVersionDate "2017.07.14"]

1. e4 d6 2. d4 Nf6 3. Nc3 g6 4. Be3 Bg7 5. f3 Nbd7 6. Bc4 e5 7. Nge2 c6 8. Qd2
b5 9. Bb3 Bb7 10. O-O-O O-O 11. dxe5 dxe5 12. Qd6 Re8 13. a4 Bf8 14. Qd3 a6 15.
Rd2 Qc7 16. g4 Red8 17. Rhd1 Be7 18. Na2 Nc5 19. Qc3 Rxd2 20. Rxd2 Nxb3+ 21.
cxb3 c5 22. Qc2 Rc8 23. Kb1 Nd7 24. Rd3 Bc6 25. Nac3 c4 26. bxc4 bxc4 27. Rd1
Nf6 28. Rc1 Qb7 29. Nd1 Nxe4 30. Qxc4 Nd6 31. Qd3 Bxf3 32. Rxc8+ Nxc8 33. Ndc3
Ba3 34. Qd2 Bf8 35. Qd8 Be4+ 36. Ka1 f5 37. Bh6 Qe7 38. Qxc8 Kf7 39. Qxf8+ Qxf8
40. Bxf8 Kxf8 41. Nxe4 fxe4 42. b4 Ke7 43. Kb2 Kd6 44. Nc3 e3 45. Kc2 1-0

[Event "Washington Open--Reserve Section"]
[Site "Lynnwood, WA"]
[Date "2017.05.29"]
[Round "5"]
[White "Lewis-Sandy  (WA), Joshua"]
[Black "Hendricks  (WA), David"]
[Result "1/2-1/2"]
[WhiteElo "1783"]
[BlackElo "1705"]
[PlyCount "106"]
[EventDate "2017.06.02"]
[SourceDate "2017.07.14"]
[SourceVersionDate "2017.07.14"]

1. e4 c5 2. Nf3 e6 3. d4 cxd4 4. Nxd4 Nf6 5. Nc3 Bb4 6. Bg5 Qa5 7. Bxf6 Bxc3+
8. bxc3 Qxc3+ 9. Ke2 gxf6 10. Nb5 Qc6 11. Ke3 a6 12. Nd4 Qc5 13. Ke2 Nc6 14.
Nxc6 bxc6 15. g3 a5 16. Bg2 Ba6+ 17. Kf3 Qc3+ 18. Kg4 Rg8+ 19. Kh3 Rg6 20. Bf3
Rb8 21. Kg2 Rb2 22. Rb1 Ke7 23. Rxb2 Qxb2 24. Qb1 Qxb1 25. Rxb1 Bb5 26. Rb3 Rg5
27. Bd1 f5 28. f4 Rg8 29. exf5 exf5 30. Kf2 d5 31. Ke3 Kd6 32. Ra3 Re8+ 33. Kd2
a4 34. Bh5 Re7 35. Bd1 d4 36. Rf3 c5 37. a3 c4 38. c3 Bc6 39. Rf2 d3 40. Bh5
Rb7 41. Ke3 Re7+ 42. Kd2 Kc5 43. Kc1 Re1+ 44. Kb2 Be4 45. Ka2 f6 46. Kb2 d2 47.
Rxd2 Rb1+ 48. Ka2 Rb3 49. Bd1 Rxc3 50. Bxa4 Rc1 51. Kb2 Rb1+ 52. Kc3 Ra1 53.
Kb2 Rb1+ 1/2-1/2

[Event "Washington Open--Booster Section"]
[Site "Lynnwood, WA"]
[Date "2017.05.29"]
[Round "5"]
[White "O'Brien  (WA), Hansol"]
[Black "Morrison  (WA), Michael"]
[Result "0-1"]
[WhiteElo "934"]
[BlackElo "1353"]
[PlyCount "100"]
[EventDate "2017.06.02"]
[SourceDate "2017.07.15"]
[SourceVersionDate "2017.07.15"]

1. e4 c5 2. Nf3 d6 3. d4 cxd4 4. Nxd4 a6 5. Nc3 Nc6 6. Nxc6 bxc6 7. Bc4 Nf6 8.
Bb3 Bg4 9. Qd3 h6 10. Be3 e6 11. f3 Bh5 12. O-O-O Be7 13. Rhg1 O-O 14. g4 Bg6
15. h4 Ne8 16. h5 Bh7 17. f4 g6 18. Rdf1 g5 19. f5 Ng7 20. Bc4 a5 21. Rg2 d5
22. Bb3 Bf6 23. Bd4 dxe4 24. Bxf6 exd3 25. Bxd8 Raxd8 26. cxd3 Rxd3 27. fxe6
fxe6 28. Re1 Rf6 29. Rge2 Rd6 30. Ne4 Bxe4 31. Rxe4 Kf8 32. Ra4 Ke7 33. Rxa5
Rf4 34. Rg1 Ne8 35. a4 Nf6 36. Rc5 Nxg4 37. a5 Ne3 38. a6 Rf8 39. Ra5 Ra8 40.
Ba4 Kd7 41. b4 Nc4 42. Rc5 Rxa6 43. Rxc4 Rxa4 44. Kc2 c5 45. Kb3 Rxb4+ 46. Rxb4
cxb4 47. Kxb4 e5 48. Rf1 Rd4+ 49. Kc3 Ke6 50. Re1 Rh4 0-1

[Event "Washington Open--Reserve Section"]
[Site "Lynnwood, WA"]
[Date "2017.05.29"]
[Round "5"]
[White "Cross  (WA), Jason"]
[Black "Christy  (WA), John"]
[Result "0-1"]
[WhiteElo "1658"]
[BlackElo "1451"]
[PlyCount "118"]
[EventDate "2017.06.02"]
[SourceDate "2017.07.15"]
[SourceVersionDate "2017.07.15"]

1. c4 e5 2. g3 Nf6 3. Bg2 Nc6 4. Nf3 Bc5 5. O-O O-O 6. Nc3 d6 7. a3 a5 8. Rb1
Be6 9. d3 Qc8 10. Ng5 Bd7 11. Nd5 Nxd5 12. cxd5 Ne7 13. e4 Bg4 14. Qc2 h6 15.
Nf3 Bh3 16. Be3 Bxg2 17. Kxg2 Bxe3 18. fxe3 Qd7 19. Rbc1 Rac8 20. Qb3 c5 21.
Nd2 b5 22. Qd1 Kh8 23. Qh5 Ng8 24. Rf3 Nf6 25. Rxf6 gxf6 26. Qxh6+ Kg8 27. Rf1
f5 28. Qg5+ Kh7 29. Qh5+ Kg8 30. Qg5+ Kh7 31. Rxf5 f6 32. Qh5+ Kg8 33. Qh3 Rf7
34. Qg4+ Rg7 35. Qf3 Rf8 36. h4 Qf7 37. Nf1 Rg6 38. Nh2 Qg7 39. Kh3 Kf7 40. Ng4
Rg8 41. Rg5 Rxg5 42. hxg5 Qxg5 43. Qf5 Qxf5 44. exf5 Rh8+ 45. Kg2 a4 46. Nf2 b4
47. Ne4 Ke7 48. Nd2 Rb8 49. Nc4 bxa3 50. bxa3 Rb3 51. Kf3 Rxd3 52. Ke4 Rb3 53.
g4 Rc3 54. Nb6 Rxa3 55. Nc8+ Kd7 56. Nb6+ Kc7 57. Nc4 Rc3 58. Nd2 a3 59. Nb1
Rb3 0-1

[Event "Washington Open--Booster Section"]
[Site "Lynnwood, WA"]
[Date "2017.05.29"]
[Round "5"]
[White "Ryan  (WA), Stephen"]
[Black "Chen  (WA), Angela"]
[Result "1-0"]
[WhiteElo "1288"]
[BlackElo "995"]
[PlyCount "109"]
[EventDate "2017.06.02"]
[SourceDate "2017.07.15"]
[SourceVersionDate "2017.07.15"]

1. e4 e5 2. Nf3 Nc6 3. Bc4 Bc5 4. c3 Nf6 5. d3 d5 6. exd5 Nxd5 7. O-O O-O 8.
Bg5 Be7 9. Bxe7 Ndxe7 10. b4 a6 11. Re1 Ng6 12. Nbd2 b5 13. Bb3 Qxd3 14. Re3
Qd6 15. Qe1 Re8 16. Rd1 Qe7 17. Ne4 Bg4 18. Bd5 Bd7 19. Nfg5 Rf8 20. Rf3 Be8
21. Rfd3 h6 22. Nf3 Nf4 23. Re3 Rd8 24. Bb3 Rxd1 25. Qxd1 Bd7 26. h3 Rd8 27.
Qb1 Bf5 28. Kh2 a5 29. Bc2 axb4 30. Nf6+ Qxf6 31. Bxf5 bxc3 32. Rxc3 Rb8 33.
Qe4 Ne7 34. Bd7 Ned5 35. Rb3 b4 36. Nxe5 Nc3 37. Qe1 Nxa2 38. Nc6 Qd6 39. Ne5
f6 40. g3 fxe5 41. Bg4 Nd3 42. Qd2 Nac1 43. Rb1 b3 44. Qc3 b2 45. Bf5 g6 46.
Qc4+ Kg7 47. Bxd3 Nxd3 48. Qc2 c5 49. Qa4 Nxf2 50. Qa7+ Kf6 51. Rf1 b1=Q 52.
Rxf2+ Kg5 53. h4+ Kg4 54. Qf7 Rb2 55. Qf3# 1-0

[Event "Washington Open--Open Section"]
[Site "Lynnwood, WA"]
[Date "2017.05.29"]
[Round "5"]
[White "Colasurdo  (WA), James"]
[Black "Petrov  (WA), Oscar"]
[Result "1-0"]
[WhiteElo "2023"]
[BlackElo "1822"]
[PlyCount "149"]
[EventDate "2017.06.02"]
[SourceDate "2017.07.15"]
[SourceVersionDate "2017.07.15"]

1. d4 Nf6 2. c4 c5 3. d5 e6 4. Nc3 exd5 5. cxd5 d6 6. e4 g6 7. Bd3 Bg7 8. h3
O-O 9. Nf3 Re8 10. O-O Na6 11. Bf4 c4 12. Bc2 Nc5 13. Nd2 b5 14. Nxb5 Ncxe4 15.
Nxe4 Nxe4 16. Re1 Nxf2 17. Rxe8+ Qxe8 18. Nxd6 Nxd1 19. Nxe8 Bd4+ 20. Kh2 Nxb2
21. Nc7 Nd3 22. Rd1 Rb8 23. Bxd3 cxd3 24. Rxd3 Bg7 25. Re3 Bd7 26. Re7 Rd8 27.
d6 Bc6 28. Re3 Bf8 29. Rd3 h5 30. Nd5 g5 31. Rg3 f6 32. Nxf6+ Kf7 33. Be5 Bg7
34. Rc3 Ke6 35. Rxc6 Kxe5 36. Nxh5 Kd5 37. Ra6 Be5+ 38. g3 Bd4 39. Ra5+ Bc5 40.
Nf6+ Kc4 41. Ne4 Bxd6 42. Rxa7 Kd4 43. Nxd6 Rxd6 44. Kg2 Ke3 45. Re7+ Kd3 46.
Kf3 Rd4 47. Re3+ Kd2 48. Re4 Rd3+ 49. Kg4 Ra3 50. Re5 Rxa2 51. Kxg5 Ra3 52. Kh4
Kd3 53. g4 Kd4 54. Re8 Kd5 55. g5 Kd6 56. g6 Ra4+ 57. Kg5 Ra5+ 58. Kf6 Ra6 59.
Re1 Kd7+ 60. Kf7 Ra3 61. Rd1+ Kc8 62. Rf1 Ra7+ 63. Kf8 Rd7 64. g7 Rd8+ 65. Kf7
Rd7+ 66. Kg6 Rd6+ 67. Kh7 Kd7 68. g8=Q Kc6 69. Qc8+ Kd5 70. Rd1+ Ke4 71. Rxd6
Kf3 72. Qc4 Kg2 73. Rd3 Kh1 74. Qc2 Kg1 75. Rd1# 1-0